Le Secret des secrets : (Record no. 137132)

MARC details
000 -CABECERA
campo de control de longitud fija 01741nam a2200337 i 4500
001 - NÚMERO DE CONTROL
campo de control 991061720877706706
003 - IDENTIFICADOR DEL NÚMERO DE CONTROL
campo de control ES-BaIT
005 - FECHA Y HORA DE LA ÚLTIMA TRANSACCIÓN
campo de control 20260225090835.0
008 - DATOS DE LONGITUD FIJA--INFORMACIÓN GENERAL
campo de control de longitud fija 260225e202405 fr a r 000 d fre c
020 ## - NÚMERO INTERNACIONAL ESTÁNDAR DEL LIBRO
Número Internacional Estándar del Libro 9782749816425
040 ## - FUENTE DE LA CATALOGACIÓN
Centro catalogador/agencia de origen ES-BaIT
Lengua de catalogación cat
Normas de descripción rda
Centro/agencia transcriptor ES-BaIT
080 ## - NÚMERO DE LA CLASIFICACIÓN DECIMAL UNIVERSAL
Número de la Clasificación Decimal Universal 840-2"19"
100 1# - ENTRADA PRINCIPAL--NOMBRE DE PERSONA
Nombre de persona Solès, Benoit
Término indicativo de función/relación autor
9 (RLIN) 168683
245 13 - MENCIÓN DE TÍTULO
Título Le Secret des secrets :
Resto del título basé sur les recherches académiques du Dr. Megan Piorko /
Mención de responsabilidad, etc. Benoit Solès
264 #1 - PRODUCCIÓN, PUBLICACIÓN, DISTRIBUCIÓN, FABRICACIÓN Y COPYRIGHT
Producción, publicación, distribución, fabricación y copyright Paris :
Nombre del de productor, editor, distribuidor, fabricante L'avant-scène théatre,
Fecha de producción, publicación, distribución, fabricación o copyright mai 2024
300 ## - DESCRIPCIÓN FÍSICA
Extensión 60 pàgines :
Otras características físicas i·llustracions ;
Dimensiones 21 cm
336 ## - TIPO DE CONTENIDO
Término de tipo de contenido text
Código de tipo de contenido txt
Fuente rdacontent
337 ## - TIPO DE MEDIO
Nombre/término del tipo de medio sense mediació
Código del tipo de medio n
Fuente rdamedia
338 ## - TIPO DE SOPORTE
Nombre/término del tipo de soporte volum
Código del tipo de soporte nc
Fuente rdacarrier
490 1# - MENCIÓN DE SERIE
Mención de serie L'Avant-Scène théâtre ;
Designación de volumen o secuencia no 1559
500 ## - NOTA GENERAL
Nota general P8: D4, H4 en P4: D2, H2
500 ## - NOTA GENERAL
Nota general Publicat com no 1559 (mai 2024) de la revista L'Avant-scène théâtre
500 ## - NOTA GENERAL
Nota general Estrena Festival de Terre- Neuve, el 14 de juny en 2024
520 ## - SUMARIO, ETC.
Sumario, etc. "Jason Gray, fils du conservateur de la prestigiouse British Library, vient d'enterrer son père, érudit ayant passé sa vie à étudier les manuscrits des alchemistes. Mais qui est Megan, étudiante en histoire qui travaillant sous les ordres du défunt, et qui va lui remettre une mystérieuse enveloppe? Accompagné par Susan, son amie archiviste, et Billy, jeune comédien paraplégique, Jason se lance dans une enquête autour de grimoires anciens, à travers les siècles, de Londres à Moscou. Une épopée haletante"-- Contracoberta
650 #0 - PUNTO DE ACCESO ADICIONAL DE MATERIA--TÉRMINO DE MATERIA
Término de materia o nombre geográfico como elemento de entrada Biblioteques i erudits
Subdivisión de forma Textos dramàtics
9 (RLIN) 168684
650 #0 - PUNTO DE ACCESO ADICIONAL DE MATERIA--TÉRMINO DE MATERIA
Término de materia o nombre geográfico como elemento de entrada Grimoris
Subdivisión de forma Textos dramàtics
9 (RLIN) 168685
830 ## - PUNTO DE ACCESO ADICIONAL DE SERIE-TÍTULO UNIFORME
Título uniforme Avant-scène.
Nombre de parte o sección de la obra Théâtre
Designación de volumen o secuencia no 1559
9 (RLIN) 168170
908 ## - COLOCAR PARÁMETRO DE COMANDO (RLIN)
Colocar parámetro de comando CDMAE
940 ## - EQUIVALENCIA O REFERENCIA-CRUZADA--TÍTULO UNIFORME [OBSOLETO] [solamente CAN/MARC]
Título uniforme <a href="CDMAE">CDMAE</a>
942 ## - ELEMENTOS DE ENTRADA AGREGADA (KOHA)
Fuente del sistema de clasificación o colocación Clasificación decimal universal
Tipo de ítem Koha Llibre
Holdings
Estado de retiro Estado de pérdida Fuente del sistema de clasificación o colocación Estado dañado No para préstamo Localización permanente Ubicación/localización actual Ubicación en estantería Fecha de adquisición Fuente de adquisición Total de préstamos Signatura topográfica completa Código de barras Fecha visto por última vez Precio válido a partir de Tipo de ítem Koha
    Clasificación decimal universal     Biblioteca Barcelona Biblioteca Barcelona BCN Magatzem Revistes 25/02/2026 Compra   S 143-06 1900089866 25/02/2026 25/02/2026 Llibre

Powered by Koha